Normal view
MARC view
Entry Personal Name
001 - CONTROL NUMBER
- control field: 16748
003 - CONTROL NUMBER IDENTIFIER
- control field: BD-RjUL
005 - DATE AND TIME OF LATEST TRANSACTION
- control field: 20250903112812.0
008 - FIXED-LENGTH DATA ELEMENTS
- fixed length control field: 250903|| aca||aabn | a|a d
040 ## - CATALOGING SOURCE
- Original cataloging agency: BD-RjUL
- Transcribing agency: BD-RjUL
100 ## - HEADING--PERSONAL NAME
- Personal name: ندوى., شبلى نعمانى ;; Nadvī., Shiblī Nuʻmānī
- Dates associated with a name: 1857-1914
670 ## - SOURCE DATA FOUND
- Source citation: Work cat.: (BD-RjUL)85628: ندوى., شبلى نعمانى ;; Nadvī., Shiblī Nuʻmānī 1857-1914, مکاتىب شبلى : ىعنى، علامۀ شبلى نعمانى مرحم کے ان خطوط کا مجوعه جو وقتاً فوقتاً انهون نے اپنے عزىزون اور دوستون کے نام لکهے اور جنمىں ملکى، قومى، مذهبى، علمى اور اصلاحى خىالات و مسائل کا بڑا زخىره موجود هے / Makātīb-i Shiblī : yaʻnī, ʻAllamah-yi Shiblī Nuʻmānī marḥum ke un k̲h̲ut̤ut̤ kā majmūʻah jo vaqtan favaqtan unhon ne ap, 1927